[Event "DEM U10 2023"]
[Site "Willingen GER"]
[Date "2023.05.28"]
[Round "1"]
[White "Andersen, Jonathan"]
[Black "Bremermann, Jakow"]
[Result "1-0"]
[Termination "normal"]
[Board "28"]
[WhiteElo "1494"]
[BlackElo "787"]
[WhiteClock "01:26:04"]
[BlackClock "01:01:31"]
[PlyCount "146"]
[WhiteFideId "34623884"]
[BlackFideId "34660160"]
[EventCountry "GER"]
[EventRounds "11"]
[EventType "swiss"]
[EventDate "2023.05.27"]

1. e4 {[%clk 01:15:30]} {[%emt 00:01:29]} e5 {[%emt 00:00:05]} 2. Nf3 {[%clk
01:15:52]} {[%emt 00:00:03]} Nc6 {[%clk 01:15:53]} {[%emt 00:00:08]} 3. d4
{[%clk 01:16:17]} {[%emt 00:00:05]} exd4 {[%clk 01:16:00]} {[%emt 00:00:22]} 4.
Nxd4 {[%clk 01:15:57]} {[%emt 00:00:06]} Nxd4 {[%clk 01:16:06]} {[%emt
00:01:08]} 5. Qxd4 {[%clk 01:16:22]} {[%emt 00:00:05]} Qf6 {[%clk 01:15:02]}
{[%emt 00:01:33]} 6. Qxf6 {[%clk 01:16:38]} {[%emt 00:00:14]} Nxf6 {[%clk
01:15:18]} {[%emt 00:00:14]} 7. Bd3 {[%clk 01:16:58]} {[%emt 00:00:10]} Bd6
{[%clk 01:14:32]} {[%emt 00:01:16]} 8. f4 {[%clk 01:17:21]} {[%emt 00:00:07]}
Bc5 {[%clk 01:13:45]} {[%emt 00:01:17]} 9. h3 {[%clk 01:17:42]} {[%emt
00:00:09]} O-O {[%clk 01:13:20]} {[%emt 00:00:55]} 10. Nd2 {[%clk 01:17:57]}
{[%emt 00:00:15]} Be3 {[%clk 01:13:27]} {[%emt 00:00:22]} 11. Nf3 {[%clk
01:18:14]} {[%emt 00:00:14]} Bxc1 {[%clk 01:13:47]} {[%emt 00:00:10]} 12. Rxc1
{[%clk 01:18:37]} {[%emt 00:00:06]} d6 {[%clk 01:13:32]} {[%emt 00:00:44]} 13.
O-O {[%clk 01:18:16]} {[%emt 00:00:53]} d5 {[%clk 01:12:47]} {[%emt 00:01:13]}
14. e5 {[%clk 01:18:17]} {[%emt 00:00:31]} Nd7 {[%clk 01:12:30]} {[%emt
00:00:46]} 15. Rce1 {[%clk 01:18:25]} {[%emt 00:00:22]} Nb6 {[%clk 01:12:25]}
{[%emt 00:00:35]} 16. f5 {[%clk 01:18:34]} {[%emt 00:00:21]} Re8 {[%clk
01:11:20]} {[%emt 00:01:35]} 17. b3 {[%clk 01:18:46]} {[%emt 00:00:19]} g6
{[%clk 01:10:07]} {[%emt 00:01:43]} 18. f6 {[%clk 01:19:07]} {[%emt 00:00:08]}
a6 {[%clk 01:10:00]} {[%emt 00:00:37]} 19. Re2 {[%clk 01:19:09]} {[%emt
00:00:28]} Nd7 {[%clk 01:09:14]} {[%emt 00:01:14]} 20. Rfe1 {[%clk 01:19:19]}
{[%emt 00:00:21]} Nb6 {[%clk 01:08:36]} {[%emt 00:01:08]} 21. Kf2 {[%clk
01:19:19]} {[%emt 00:00:30]} Kf8 {[%clk 01:08:11]} {[%emt 00:00:56]} 22. h4
{[%clk 01:19:41]} {[%emt 00:00:09]} Bg4 {[%clk 01:06:26]} {[%emt 00:02:14]} 23.
Re3 {[%clk 01:19:57]} {[%emt 00:00:14]} c6 {[%clk 01:05:52]} {[%emt 00:01:04]}
24. Nh2 {[%clk 01:20:07]} {[%emt 00:00:19]} Bd7 {[%clk 01:05:32]} {[%emt
00:00:51]} 25. h5 {[%clk 01:20:23]} {[%emt 00:00:14]} Bf5 {[%clk 01:04:23]}
{[%emt 00:01:39]} 26. Bxf5 {[%clk 01:20:42]} {[%emt 00:00:11]} gxf5 {[%clk
01:04:42]} {[%emt 00:00:12]} 27. Rf3 {[%clk 01:20:59]} {[%emt 00:00:13]} a5
{[%clk 01:03:40]} {[%emt 00:01:32]} 28. Rxf5 {[%clk 01:21:21]} {[%emt
00:00:07]} a4 {[%clk 01:03:58]} {[%emt 00:00:13]} 29. Rg5 {[%clk 01:21:31]}
{[%emt 00:00:19]} Red8 {[%clk 01:02:51]} {[%emt 00:01:37]} 30. Re3 {[%clk
01:21:54]} {[%emt 00:00:08]} Ke8 {[%clk 01:03:08]} {[%emt 00:00:12]} 31. b4
{[%clk 01:22:04]} {[%emt 00:00:20]} Nc4 {[%clk 01:03:01]} {[%emt 00:00:37]} 32.
Reg3 {[%clk 01:21:19]} {[%emt 00:01:15]} Kd7 {[%clk 01:03:11]} {[%emt
00:00:20]} 33. Rg7 {[%clk 01:21:43]} {[%emt 00:00:07]} Nxe5 {[%clk 01:03:09]}
{[%emt 00:00:32]} 34. Rxh7 {[%clk 01:22:00]} {[%emt 00:00:13]} Rh8 {[%clk
01:03:08]} {[%emt 00:00:30]} 35. Rgg7 {[%clk 01:22:23]} {[%emt 00:00:07]} Rxh7
{[%clk 01:03:28]} {[%emt 00:00:11]} 36. Rxh7 {[%clk 01:21:52]} {[%emt
00:00:58]} b5 {[%clk 01:02:56]} {[%emt 00:01:05]} 37. Ke2 {[%clk 01:21:30]}
{[%emt 00:00:51]} Re8 {[%clk 01:02:58]} {[%emt 00:00:27]} 38. Kd2 {[%clk
01:21:16]} {[%emt 00:00:44]} Nc4+ {[%clk 01:03:17]} {[%emt 00:00:10]} 39. Kd3
{[%clk 01:21:02]} {[%emt 00:00:45]} Re3+ {[%clk 01:03:19]} {[%emt 00:00:27]}
40. Kd4 {[%clk 01:21:21]} {[%emt 00:00:12]} Re4+ {[%clk 01:03:02]} {[%emt
00:00:46]} 41. Kc5 {[%clk 01:21:37]} {[%emt 00:00:15]} Nd6 {[%clk 01:02:06]}
{[%emt 00:01:26]} 42. Kb6 {[%clk 01:21:15]} {[%emt 00:00:51]} Re8 {[%clk
01:01:03]} {[%emt 00:01:34]} 43. Nf3 {[%clk 01:21:24]} {[%emt 00:00:21]} Rb8+
{[%clk 01:00:12]} {[%emt 00:01:21]} 44. Kc5 {[%clk 01:21:24]} {[%emt 00:00:29]}
Re8 {[%clk 00:59:12]} {[%emt 00:01:30]} 45. Ng5 {[%clk 01:21:26]} {[%emt
00:00:28]} Rf8 {[%clk 00:59:16]} {[%emt 00:00:26]} 46. h6 {[%emt 00:00:53]}
Ne4+ {[%clk 00:59:14]} 47. Nxe4 {[%emt 00:01:00]} dxe4 {[%emt 00:00:07]} 48.
Kd4 {[%clk 01:20:49]} {[%emt 00:00:09]} Ke6 {[%clk 00:59:10]} {[%emt 00:00:34]}
49. Kxe4 {[%clk 01:21:12]} {[%emt 00:00:07]} Kxf6 {[%clk 00:59:29]} {[%emt
00:00:10]} 50. Rg7 {[%clk 01:21:09]} {[%emt 00:00:33]} Rh8 {[%clk 00:58:59]}
{[%emt 00:01:01]} 51. g4 {[%clk 01:21:29]} {[%emt 00:00:10]} Rxh6 {[%clk
00:58:34]} {[%emt 00:00:54]} 52. Rg8 {[%clk 01:21:31]} {[%emt 00:00:30]} Ke7
{[%clk 00:58:01]} {[%emt 00:01:02]} 53. Rg5 {[%clk 01:21:06]} {[%emt 00:00:54]}
Re6+ {[%clk 00:57:38]} {[%emt 00:00:54]} 54. Re5 {[%clk 01:20:06]} {[%emt
00:01:30]} Kf6 {[%clk 00:57:22]} {[%emt 00:00:44]} 55. g5+ {[%clk 01:20:12]}
{[%emt 00:00:25]} Kg6 {[%clk 00:57:38]} {[%emt 00:00:13]} 56. Rxe6+ {[%clk
01:20:36]} {[%emt 00:00:07]} fxe6 {[%clk 00:58:05]} {[%emt 00:00:04]} 57. Ke5
{[%clk 01:20:44]} {[%emt 00:00:22]} Kxg5 {[%clk 00:58:25]} {[%emt 00:00:10]}
58. Kxe6 {[%clk 01:21:10]} {[%emt 00:00:04]} Kf4 {[%clk 00:58:36]} {[%emt
00:00:19]} 59. Kd6 {[%clk 01:21:35]} {[%emt 00:00:04]} Ke3 {[%clk 00:58:53]}
{[%emt 00:00:13]} 60. Kxc6 {[%clk 01:22:00]} {[%emt 00:00:05]} Kd2 {[%clk
00:59:14]} {[%emt 00:00:08]} 61. Kxb5 {[%clk 01:21:40]} {[%emt 00:00:05]} a3
{[%clk 00:58:42]} {[%emt 00:03:14]} 62. Ka4 {[%clk 01:21:59]} {[%emt 00:00:10]}
Kxc2 {[%clk 00:59:01]} {[%emt 00:00:11]} 63. Kxa3 {[%clk 01:22:24]} {[%emt
00:00:06]} Kc3 {[%clk 00:58:59]} {[%emt 00:00:32]} 64. b5 {[%clk 01:22:26]}
{[%emt 00:00:28]} Kc4 {[%clk 00:59:23]} {[%emt 00:00:06]} 65. b6 {[%clk
01:22:55]} {[%emt 00:00:01]} Kc5 {[%clk 00:59:16]} {[%emt 00:00:36]} 66. b7
{[%clk 01:23:21]} {[%emt 00:00:04]} Kc6 {[%clk 00:59:31]} {[%emt 00:00:14]} 67.
b8=Q {[%clk 01:23:46]} {[%emt 00:00:06]} Kc5 {[%clk 00:59:57]} {[%emt
00:00:04]} 68. Kb3 {[%clk 01:24:07]} {[%emt 00:00:09]} Kc6 {[%clk 01:00:14]}
{[%emt 00:00:13]} 69. Qe5 {[%clk 01:24:28]} {[%emt 00:00:08]} Kb6 {[%clk
01:00:35]} {[%emt 00:00:09]} 70. Kb4 {[%clk 01:24:53]} {[%emt 00:00:05]} Ka7
{[%clk 01:00:41]} {[%emt 00:00:21]} 71. Qc7+ {[%clk 01:25:16]} {[%emt
00:00:09]} Ka8 {[%clk 01:01:02]} {[%emt 00:00:10]} 72. Qh7 {[%clk 01:25:39]}
{[%emt 00:00:05]} Kb8 {[%clk 01:01:07]} {[%emt 00:00:25]} 73. Kc5 {[%clk
01:26:04]} {[%emt 00:00:05]} Kc8 {[%clk 01:01:31]} {[%emt 00:00:07]} 1-0